000 00832nam a2200265 i 4500
001 000026569
003 DO-SdBNP
005 20250205085650.0
007 ta
008 110323s20uu dr d 000 0 spa d
040 _aDO-SdBNP
_bspa
_cBNPHU
_erda
049 _aBNPD
082 4 _222
110 1 _aRepública Dominicana
_bSecretaría de Estado de Educación, Bellas Artes y Cultos.
_bPlan Decenal en Acción
_953668
245 0 0 _aCatálogo general de centros docentes 1993
264 _aSanto Domingo :
_bBanco Mundial,
_c200-.
300 _a426 páginas :
_bgráficos ;
_c21 cm.
336 _2rdacontent
_atexto
_btxt
337 _2rdamedia
_asin mediación
_bn
338 _2rdacarrier
_avolumen
_bnc
490 1 _aEstadísticas edudativas
_v3
590 _aInventariado, 2023/BT
910 _aBtavárez
942 _2ddc
_cLBS1
999 _c26061
_d26061